000 00475nam a2200169Ia 4500
003 OSt
005 20200610121518.0
008 190216s9999||||xx |||||||||||||| ||und||
040 _coclc
082 _a953
_bALI/S
100 _aAli, Syed Ameer
_92190
245 0 _aA Short History Of The Saracens /
_cSyed Ameer Ali
250 _a4th Ed.
260 _bKitab Bhavan,
_c1994.
_aNew Delhi:
300 _a640p
942 _cBK
_2ddc
_h953
_iALI/S
_k953
_mALI/S
999 _c18634
_d18634